| 000 | 01257cam a2200253 4500 | ||
|---|---|---|---|
| 001 | WB3910-03 | ||
| 008 | 030313n2003 000 0 eng u | ||
| 035 | _a(Sirsi) u121618 | ||
| 245 | _aNew construction orders: January 2003 | ||
| 260 | _c2003 | ||
| 490 |
_aDTI Press Release _v(C-303) 13 March 2003, (3) |
||
| 520 | _aOverall orders in the twelve months to January 2003 rose by 11% compared to the previous twelve months. There were rises in all sectors except private industrial orders. Orders in the three months to January 2003 were 1% up on the same period a year ago and 20% up on the previous three-month period due largely to public non-housing orders. Statistics of orders are available for private housing, public housing and housing associations, infrastructure, public non-housing, private commercial and private industrial. http://www.dti.gov.uk/construction/stats/130303/pressrel130303.htm | ||
| 590 | _aWB | ||
| 650 | _aCONSTRUCTION ORDERS | ||
| 650 | _aPRIVATE HOUSING | ||
| 650 |
_aInfrastructure _96246 |
||
| 650 | _aPRIVATE COMMERCIAL | ||
| 650 | _aPRIVATE INDUSTRIAL | ||
| 650 | _aHOUSING ASSOCIATIONS | ||
| 650 | _aPUBLIC NON-HOUSING | ||
| 650 | _aPUBLIC WORKS CONTRACTS | ||
| 690 | _aBUILT ENVIRONMENT | ||
| 942 | _n0 | ||
| 999 |
_c72301 _d72301 |
||